Poultry Production /

Uložené v:
Podrobná bibliografia
Hlavní autori: Card, Leslie E. (Author), Nesheim, Malden C. (Author)
Médium: Kniha
Jazyk:English
Vydané: Philadelphia : Lea and Febiger, 1976.
Vydanie:11th ed.
ISBN: viaz.
Fyzický popis: 392 s.
Tagy: Pridať tag
Žiadne tagy, Buďte prvý kto otaguje tento záznam!

MARC

LEADER 00000nam a2200000 a 4500
001 000144021
005 20100713221226.0
008 040101s1976 xxu e eng d
020 |a viaz.  |c kčs 305,00 
040 |a SVKKK  |b slo  |c SVKKK  |e AACR2 
041 0 |a eng 
044 |a xxu  |c US 
100 1 |a Card, Leslie E.  |4 aut 
245 1 0 |a Poultry Production /  |c L. E. Card, M. C. Nesheim. 
250 |a 11th ed. 
260 |a Philadelphia :  |b Lea and Febiger,  |c 1976. 
300 |a 392 s. 
700 1 |a Nesheim, Malden C.  |4 aut 
910 |a svkkk 
998 |a BK 
090 |g SCKHL  |k Sklad Pribinova 1. posch.  |a IV.89988  |j 566243  |i 144021-10  |s Absenčne